Environmentálne manažérstvo v odpadovom hospodárstve

Bibliographic Details
Main Authors: Majerník, Milan, 1952- (Author), Drábik, Peter, 1981- (Author), Daneshjo, Naqibullah, 1964- (Author)
Format: Book
Language:Slovak
PhysicalDescription:218 strán grafy, schémy, tabuľky 25 cm
Published: [Košice] Petit s.r.o. 2020
ISBN:9788097155582
Subjects:

MARC

LEADER 00000nam a2200000 4500
001 vtls012063812
003 SK-MaSNL
005 20260301104403.0
008 210729s2020 xo dl frn 000 0 slo
015 |a SNBA2021/10 
020 |a 9788097155582  |q (viazané) 
040 |a SNK  |b slo  |c SNK  |e rda 
041 0 |a slo 
044 |a xo  |c SK 
072 7 |a 502  |x Životné prostredie a jeho ochrana  |2 konspekt 
080 |a 628.47  |2 2011 
080 |a (048.8)  |2 2011 
080 |a 502.13  |2 2011 
100 1 |a Majerník, Milan,  |d 1952-  |4 aut  |9 214624 
245 1 0 |a Environmentálne manažérstvo v odpadovom hospodárstve  |c Milan Majerník, Peter Drábik, Naqibullah Daneshjo 
264 1 |a [Košice]  |b Petit s.r.o.  |c 2020 
300 |a 218 strán  |b grafy, schémy, tabuľky  |c 25 cm 
336 |a text  |b txt  |2 rdacontent 
337 |a bez média  |b n  |2 rdamedia 
338 |a zväzok  |b nc  |2 rdacarrier 
366 |e 150 kusov 
500 |a Miesto vydania podľa NA ISBN 
500 |a Obsahuje zoznam obrázkov 
500 |a Obsahuje zoznam tabuliek 
504 |a Bibliografia na strane 197-209 
650 0 7 |a odpadové hospodárstvo  |2 SNKPH  |9 3603 
650 0 7 |a Waste management  |2 SNKPHeng  |9 267224 
650 0 7 |a environmentálny manažment  |2 SNKPH  |9 3638 
650 0 7 |a Environmental management  |2 SNKPHeng  |9 306245 
655 7 |a monografie  |2 SNKPH  |9 70139 
655 7 |a Monographs  |2 SNKPHeng  |9 120675 
700 1 |a Drábik, Peter,  |d 1981-  |4 aut  |9 216439 
700 1 |a Daneshjo, Naqibullah,  |d 1964-  |4 aut  |9 200523 
919 |a 978-80-971555-8-2 
958 |a NB 
999 |c 697997  |d 699927 
952 |a SNK  |b SNK  |y PREZ  |7 0  |p 17A1456172  |o snkSC 193578  |i snk2021/9475  |8 0  |0 0  |1 0  |4 0  |d 2021-07-29  |f 1  |l 0  |r 2025-10-10 00:00:00  |w 2026-02-23 
952 |a SNK  |b SNK  |y VYP  |7 0  |p 17A1456173  |o snkSC 193578 D1  |i snk2021/9476  |8 0  |0 0  |1 0  |4 0  |d 2021-07-29  |l 0  |r 2026-02-23 20:47:57  |w 2026-02-23